| 000 | 00409nam a22001577a 4500 | ||
|---|---|---|---|
| 005 | 20260221150043.0 | ||
| 008 | 260221b |||||||| |||| 00| 0 eng d | ||
| 020 |
_a9780486404387 _qpbk |
||
| 041 | _aeng | ||
| 082 |
_a842.4 _bMOL |
||
| 100 | _aMoliere | ||
| 245 |
_aTartuffe and The Bourgeous Gentleman _cMoliere |
||
| 260 |
_aNew York _bDover Publications Inc. _c1998 |
||
| 300 | _a394p. | ||
| 942 | _cENGLISH | ||
| 999 |
_c615265 _d615265 |
||